[Event "Ct. Catalunya eq DH"]
[Site "?"]
[Date "2012.??.??"]
[Round "9.10"]
[White "Baños, OF."]
[Black "Aledo Lorente, M."]
[Result "1-0"]
[WhiteElo "2340"]
[BlackElo "1833"]
[PlyCount "95"]
[EventDate "2012.??.??"]
[EventType "team"]
[EventRounds "11"]

1. d4 d5 2. Nf3 Bf5 3. c4 e6 4. Nc3 Bb4 5. Qb3 Nc6 6. a3 Ba5 7. e3 Nge7 8. Be2
O-O 9. O-O dxc4 10. Qxc4 Bb6 11. b4 Nd5 12. Bb2 Nce7 13. Na4 a5 14. Nc5 Bxc5
15. dxc5 axb4 16. e4 bxa3 17. Rxa3 Rxa3 18. Bxa3 b5 19. cxb6 Nxb6 20. Qb4 Re8
21. exf5 exf5 22. Qb3 Ned5 23. Bb5 Re6 24. Re1 Rxe1+ 25. Nxe1 Qb8 26. Bc6 Nf4
27. Qb4 Ne6 28. Qe7 Nc4 29. Be8 Nxa3 30. Bxf7+ Kh8 31. Bxe6 Nc2 32. Bxf5 Nxe1
33. Qxe1 c5 34. Qe6 Qd8 35. Qc8 Qxc8 36. Bxc8 Kg8 37. Kf1 Kf8 38. Ke2 Ke7 39.
Kd3 Kd6 40. Kc4 h6 41. Bb7 g6 42. h4 g5 43. hxg5 hxg5 44. Bf3 Ke5 45. Kxc5 Kf4
46. Kd4 g4 47. Bxg4 Kxg4 48. Ke5 1-0

[Event "Ct. Catalunya eq DH"]
[Site "?"]
[Date "2012.03.24"]
[Round "9.10"]
[White "Carol Querol, S."]
[Black "Montilla Carrillo, E."]
[Result "0-1"]
[WhiteElo "2166"]
[BlackElo "2300"]
[PlyCount "88"]
[EventDate "2012.??.??"]
[EventType "team"]
[EventRounds "11"]

1. d4 d5 2. c4 e6 3. Nc3 c6 4. Nf3 f5 5. g3 Nf6 6. Bg2 Bd6 7. O-O O-O 8. Qc2
Qe8 9. c5 Bc7 10. Rb1 Ne4 11. Ne1 Nd7 12. Nd3 e5 13. e3 Nxc3 14. bxc3 e4 15.
Nf4 g5 16. Ne2 b6 17. c4 Ba6 18. cxd5 Bd3 19. Qb3 cxd5 20. Nc3 Bc4 21. Qa3 Bxf1
22. Bxf1 Nf6 23. Qb3 Rd8 24. Ba3 Rf7 25. Nb5 Bb8 26. Rc1 a6 27. Nd6 Bxd6 28.
cxd6 b5 29. Qc3 Qd7 30. Bb4 Rb8 31. Qa3 Rc8 32. Bc5 Qc6 33. Qb3 Rd7 34. Ba3 Qb7
35. Rc5 Rb8 36. Qc2 b4 37. Bc1 Rxd6 38. Rc7 Qb6 39. Rc8+ Kg7 40. Bd2 a5 41. Rc5
Kg6 42. Qa4 b3 43. Bxa5 b2 44. Bxb6 Rdxb6 0-1

[Event "Ct. Catalunya eq DH"]
[Site "?"]
[Date "2012.03.24"]
[Round "9.10"]
[White "Fernandez Aguilar, F."]
[Black "Bru Rullo, L."]
[Result "1-0"]
[WhiteElo "2072"]
[BlackElo "2153"]
[PlyCount "89"]
[EventDate "2012.??.??"]
[EventType "team"]
[EventRounds "11"]

1. e4 e5 2. Nf3 Nc6 3. Bb5 a6 4. Ba4 Nf6 5. Qe2 b5 6. Bb3 Be7 7. O-O O-O 8. Rd1
d6 9. c3 Na5 10. Bc2 c5 11. d4 Qc7 12. d5 Bd7 13. b3 Rfe8 14. Nbd2 Bf8 15. Nf1
h6 16. Ng3 g6 17. h3 Nb7 18. Be3 Rac8 19. Nh2 a5 20. a3 a4 21. bxa4 bxa4 22.
Ng4 Nxg4 23. hxg4 Na5 24. f3 Rb8 25. Kf2 Bb5 26. Bd3 Bxd3 27. Rxd3 Nc4 28. Bc1
Rb3 29. Rd1 Rxc3 30. Rh1 Rb8 31. Ra2 Rbb3 32. Bxh6 Bxh6 33. Rxh6 Rxa3 34. Rxa3
Nxa3 35. Qe1 Rc2+ 36. Ne2 Qe7 37. Qa5 Kg7 38. Qa8 Qf8 39. Rh7+ Kxh7 40. Qxf8 f6
41. Qf7+ Kh6 42. Qxf6 Nb5 43. g5+ Kh7 44. Qf7+ Kh8 45. Qe8+ 1-0

[Event "Ct. Catalunya eq DH"]
[Site "?"]
[Date "2012.03.24"]
[Round "9.10"]
[White "Hernandez Casillas, JJ."]
[Black "Lopez Santana, O."]
[Result "1/2-1/2"]
[WhiteElo "2278"]
[BlackElo "2265"]
[PlyCount "96"]
[EventDate "2012.??.??"]
[EventType "team"]
[EventRounds "11"]

1. d4 Nf6 2. g3 c5 3. d5 e6 4. c4 exd5 5. cxd5 d6 6. Nc3 g6 7. Bg2 Bg7 8. Nf3
O-O 9. O-O Na6 10. e4 Nc7 11. a4 Bg4 12. h3 Bxf3 13. Bxf3 Nd7 14. Bg2 a6 15.
Qb3 b5 16. axb5 axb5 17. Rxa8 Qxa8 18. f4 c4 19. Qd1 b4 20. Ne2 Nb5 21. Kh2 Qa2
22. Qd2 c3 23. bxc3 Qxd2 24. Bxd2 Nxc3 25. Bf3 Ra8 26. Bxc3 bxc3 27. e5 dxe5
28. Nxc3 exf4 29. Ne4 Ra2+ 30. Rf2 Rxf2+ 31. Nxf2 Ne5 32. Be2 f3 33. Bd1 Bh6
34. Ng4 Nxg4+ 35. hxg4 f2 36. Kg2 Be3 37. d6 Bc5 38. d7 Bb6 39. Be2 Kf8 40. Bb5
Ke7 41. Ba4 f6 42. Bb5 h6 43. Ba4 Kd6 44. d8=Q+ Bxd8 45. Kxf2 Ke5 46. Kf3 f5
47. Bd7 Ba5 48. gxf5 gxf5 1/2-1/2

[Event "Ct. Catalunya eq DH"]
[Site "?"]
[Date "2012.03.24"]
[Round "9.10"]
[White "Martin Capitan, F."]
[Black "Quintas Galeano, L."]
[Result "0-1"]
[WhiteElo "2169"]
[BlackElo "2238"]
[PlyCount "68"]
[EventDate "2012.??.??"]
[EventType "team"]
[EventRounds "11"]

1. e4 c6 2. d4 d5 3. Nc3 dxe4 4. Nxe4 Bf5 5. Ng3 Bg6 6. Nf3 Nd7 7. h4 h6 8. Bd3
Bxd3 9. Qxd3 Ngf6 10. c4 e6 11. Bd2 Be7 12. Bc3 O-O 13. O-O Qc7 14. Rfe1 Rfe8
15. Rad1 Rad8 16. b3 b5 17. Qe2 bxc4 18. Qxc4 Nd5 19. Ne5 Bxh4 20. Rd3 N7b6 21.
Qc5 Nxc3 22. Rxc3 Nd5 23. Rf3 Bf6 24. Ne4 Qb6 25. Nxc6 Rd7 26. b4 Be7 27. Qxb6
Nxb6 28. Ra3 Nd5 29. Nc5 Rc7 30. b5 Bf6 31. Rd1 Ra8 32. Ra6 Kh7 33. g3 Nc3 34.
b6 axb6 0-1

[Event "Ct. Catalunya eq DH"]
[Site "?"]
[Date "2012.04.14"]
[Round "10.1"]
[White "Magem Badals, J."]
[Black "Gonzalez Garcia, J."]
[Result "1/2-1/2"]
[WhiteElo "2545"]
[BlackElo "2529"]
[PlyCount "53"]
[EventDate "2012.??.??"]
[EventType "team"]
[EventRounds "11"]

1. e4 e6 2. d4 d5 3. Nc3 Nf6 4. Bg5 dxe4 5. Nxe4 Nbd7 6. Nf3 h6 7. Nxf6+ Nxf6
8. Bh4 c5 9. Bc4 cxd4 10. O-O Be7 11. Qe2 O-O 12. Rad1 Qb6 13. Nxd4 Qxb2 14.
Nf5 exf5 15. Qxe7 Be6 16. Bxe6 fxe6 17. Qxe6+ Kh8 18. Qxf5 Rac8 19. Rc1 Qd4 20.
Bg3 Ne4 21. Be5 Rxf5 22. Bxd4 Nc3 23. Rfe1 Rf7 24. a3 b6 25. Re3 Na2 26. Rce1
Rxc2 27. g3 1/2-1/2

[Event "Ct. Catalunya eq DH"]
[Site "?"]
[Date "2012.04.14"]
[Round "10.1"]
[White "Narciso Dublan, M."]
[Black "Peralta, F."]
[Result "1/2-1/2"]
[WhiteElo "2562"]
[BlackElo "2620"]
[PlyCount "98"]
[EventDate "2012.??.??"]
[EventType "team"]
[EventRounds "11"]

1. e4 c6 2. c4 d5 3. cxd5 cxd5 4. exd5 Nf6 5. Bb5+ Nbd7 6. Nf3 Nxd5 7. Nc3 e6
8. Nxd5 exd5 9. O-O Be7 10. d4 O-O 11. Re1 Nf6 12. Qb3 Bg4 13. Ne5 Bf5 14. Bd3
Bxd3 15. Nxd3 Rb8 16. Bg5 Re8 17. Rac1 h6 18. Bf4 Bd6 19. Rxe8+ Nxe8 20. Qxd5
Bxf4 21. Nxf4 Qxd5 22. Nxd5 Rd8 23. Ne3 Rxd4 24. Rc8 Kf8 25. Rb8 Rd7 26. h4 h5
27. Nc4 g6 28. Na5 b6 29. Nc6 Rc7 30. Nb4 Rc1+ 31. Kh2 Rc4 32. Nd5 Rxh4+ 33.
Kg3 Re4 34. Ra8 Re5 35. Nf6 Re6 36. Nxe8 Rxe8 37. Rxa7 Re2 38. b3 Kg7 39. Ra6
b5 40. Ra5 b4 41. f4 Rc2 42. Ra4 Rc3+ 43. Kh2 Rc2 44. Kh3 Kf6 45. Kg3 Rc3+ 46.
Kf2 Rc2+ 47. Kf3 Rc3+ 48. Kf2 Rc2+ 49. Kf3 Rc3+ 1/2-1/2

[Event "Ct. Catalunya eq DH"]
[Site "?"]
[Date "2012.04.14"]
[Round "10.2"]
[White "Borras Duran, P."]
[Black "Alonso Rosell, A."]
[Result "0-1"]
[WhiteElo "2180"]
[BlackElo "2513"]
[PlyCount "54"]
[EventDate "2012.??.??"]
[EventType "team"]
[EventRounds "11"]

1. d4 d5 2. Bf4 Nf6 3. e3 c5 4. c3 Nc6 5. Nd2 g6 6. Ngf3 Nh5 7. Bg5 h6 8. Bh4
Bg7 9. Bd3 Qd6 10. O-O g5 11. Bg3 Nxg3 12. hxg3 g4 13. dxc5 Qxc5 14. Nd4 h5 15.
Nxc6 bxc6 16. Qa4 Qd6 17. e4 Kf8 18. exd5 cxd5 19. Rfe1 h4 20. Nf1 Be5 21. gxh4
Rxh4 22. g3 Rh8 23. Qa5 Bb7 24. Nh2 Bxg3 25. Nxg4 Bxf2+ 26. Nxf2 Qg3+ 27. Kf1
Qf3 0-1

[Event "Ct. Catalunya eq DH"]
[Site "?"]
[Date "2012.04.14"]
[Round "10.2"]
[White "Rios Gomez, CC."]
[Black "Matnadze, A."]
[Result "1/2-1/2"]
[WhiteElo "2384"]
[BlackElo "2498"]
[PlyCount "127"]
[EventDate "2012.??.??"]
[EventType "team"]
[EventRounds "11"]

1. e4 e5 2. Nf3 Nc6 3. Bc4 g6 4. d4 exd4 5. Nxd4 Bg7 6. Be3 Nge7 7. Nc3 O-O 8.
a3 d6 9. h3 h6 10. Nce2 d5 11. Nxc6 bxc6 12. Bd3 dxe4 13. Bxe4 Bf5 14. Bf3
Qxd1+ 15. Rxd1 Bxc2 16. Rc1 Bd3 17. Bd4 Rad8 18. Bxg7 Kxg7 19. O-O Bxe2 20.
Bxe2 Rd2 21. Bf3 Rxb2 22. Rfe1 Nf5 23. Rxc6 Rb3 24. Rxc7 Rxa3 25. Rd1 h5 26.
Rdd7 a5 27. Ra7 h4 28. Rd5 Ra1+ 29. Kh2 Rf1 30. Be4 Nh6 31. Rd6 Kh8 32. Rxa5
Rxf2 33. Kg1 Rf4 34. Bf3 Re8 35. Rda6 Nf5 36. Ra8 Rxa8 37. Rxa8+ Kg7 38. Kf2
Rb4 39. Ra2 Ng3 40. Rc2 f5 41. Ke3 g5 42. Rc7+ Kf6 43. Rc6+ Ke5 44. Rc5+ Kd6
45. Rc6+ Ke7 46. Rc7+ Kd8 47. Rg7 f4+ 48. Kd3 Rb5 49. Kc4 Ra5 50. Kb4 Re5 51.
Kc3 Ke8 52. Ra7 Nf5 53. Bg4 Ne7 54. Bf3 Kf7 55. Kd4 Re3 56. Be4 Re2 57. Ke5 Re1
58. Rb7 Re2 59. Ra7 Re1 60. Rb7 Re3 61. Ra7 Re2 62. Rb7 Re1 63. Ra7 Re2 64. Rb7
1/2-1/2

[Event "Ct. Catalunya eq DH"]
[Site "?"]
[Date "2012.04.14"]
[Round "10.3"]
[White "Bergez, L."]
[Black "Baron Isanta, JM."]
[Result "0-1"]
[WhiteElo "2428"]
[BlackElo "2407"]
[PlyCount "76"]
[EventDate "2012.??.??"]
[EventType "team"]
[EventRounds "11"]

1. e4 c5 2. Nf3 e6 3. b3 a6 4. Bb2 Nc6 5. g3 d5 6. exd5 exd5 7. Qe2+ Qe7 8.
Qxe7+ Ngxe7 9. d3 f6 10. Nbd2 Kf7 11. O-O-O h5 12. d4 cxd4 13. Nxd4 Nxd4 14.
Bxd4 h4 15. Bg2 Bg4 16. Rde1 h3 17. Bf3 Bxf3 18. Nxf3 Nf5 19. Bb6 Rc8 20. Rd1
Rc6 21. Rxd5 Ne7 22. Rd7 Rxb6 23. c4 Rh5 24. g4 Ra5 25. Kb2 Ke8 26. Rhd1 Nc6
27. Rc7 Ne5 28. Nd4 Rc5 29. Rxc5 Bxc5 30. Nf5 g6 31. Ng3 Bxf2 32. Ne4 Nxg4 33.
c5 Re6 34. Nd6+ Ke7 35. Nxb7 Nxh2 36. Rh1 Bg3 37. b4 Re1 38. Rxe1+ Bxe1 0-1

[Event "Ct. Catalunya eq DH"]
[Site "?"]
[Date "2012.04.14"]
[Round "10.3"]
[White "Vang Glud, J."]
[Black "Gutierrez Clares, J."]
[Result "1-0"]
[WhiteElo "2487"]
[BlackElo "2241"]
[PlyCount "65"]
[EventDate "2012.??.??"]
[EventType "team"]
[EventRounds "11"]

1. c4 Nf6 2. g3 g6 3. Bg2 Bg7 4. Nc3 O-O 5. d3 d6 6. Bg5 h6 7. Bd2 c6 8. e4 e5
9. Nge2 Be6 10. O-O Nbd7 11. h3 Nc5 12. Be3 Qd7 13. Kh2 Na6 14. Qd2 d5 15. cxd5
cxd5 16. exd5 Nxd5 17. Bxh6 Nxc3 18. Nxc3 Nb4 19. Ne4 Qxd3 20. Qg5 Qd8 21. Bxg7
Qxg5 22. Bxf8 Qf5 23. Bxb4 Bd5 24. Rae1 Bc4 25. Nd6 Qe6 26. Nxc4 Qxc4 27. Bc3
Re8 28. Rxe5 Rxe5 29. Bxe5 Qc2 30. Bc3 b5 31. Re1 Kf8 32. Kg1 f5 33. a3 1-0

[Event "Ct. Catalunya eq DH"]
[Site "?"]
[Date "2012.04.14"]
[Round "10.4"]
[White "Fernandez Madrid, C."]
[Black "Mellado Triviño, J."]
[Result "0-1"]
[WhiteElo "2175"]
[BlackElo "2435"]
[PlyCount "70"]
[EventDate "2012.??.??"]
[EventType "team"]
[EventRounds "11"]

1. c4 e5 2. Nc3 Nf6 3. g3 c6 4. Bg2 d5 5. cxd5 cxd5 6. d4 exd4 7. Qxd4 Nc6 8.
Qa4 d4 9. Ne4 Nxe4 10. Bxe4 Bb4+ 11. Kf1 Be7 12. h4 O-O 13. Nf3 Re8 14. a3 Bg4
15. Qc2 h6 16. Bh7+ Kf8 17. Bf5 Bxf5 18. Qxf5 Bf6 19. g4 Qc8 20. Qc5+ Be7 21.
Qh5 Kg8 22. Qb5 Qxg4 23. Bxh6 Bf6 24. Bg5 d3 25. Qxd3 Rad8 26. Qb3 Re6 27. Re1
Rd7 28. Bxf6 Rxf6 29. Ng5 Qf4 30. f3 Ne5 31. Qc2 Nc4 32. Qh7+ Kf8 33. Qh8+ Ke7
34. Qxg7 Ne3+ 35. Kf2 Nf5 0-1

[Event "Ct. Catalunya eq DH"]
[Site "?"]
[Date "2012.04.14"]
[Round "10.4"]
[White "Hernando Rodrigo, JA."]
[Black "Grafl, F."]
[Result "1/2-1/2"]
[WhiteElo "2385"]
[BlackElo "2423"]
[PlyCount "63"]
[EventDate "2012.??.??"]
[EventType "team"]
[EventRounds "11"]

1. d4 f5 2. g3 Nf6 3. Bg2 e6 4. Nh3 Be7 5. Nc3 d5 6. O-O O-O 7. Bf4 c5 8. Nb5
Ne8 9. c4 a6 10. Na3 Nf6 11. dxc5 Bxc5 12. cxd5 Nxd5 13. Bg5 Qd7 14. Qc2 Bxa3
15. bxa3 h6 16. Bc1 Nc6 17. Nf4 Nde7 18. Rd1 Qe8 19. Qb3 Qf7 20. Bb2 e5 21.
Qxf7+ Kxf7 22. Nd5 e4 23. Nxe7 Nxe7 24. f3 exf3 25. Bxf3 Be6 26. Be5 Nc6 27.
Bd6 Rfd8 28. Rab1 Rd7 29. Rxb7 Rxb7 30. Bxc6 Raa7 31. Bxb7 Rxb7 32. Rc1 1/2-1/2

[Event "Ct. Catalunya eq DH"]
[Site "?"]
[Date "2012.04.14"]
[Round "10.5"]
[White "Gonzalez Perez, A."]
[Black "Gardela Batlle, J."]
[Result "1-0"]
[WhiteElo "2464"]
[BlackElo "2218"]
[PlyCount "143"]
[EventDate "2012.??.??"]
[EventType "team"]
[EventRounds "11"]

1. d4 d5 2. c4 c6 3. Nf3 e6 4. e3 f5 5. Be2 Nf6 6. O-O Bd6 7. b3 Qe7 8. Bb2 O-O
9. Qc1 Bd7 10. Ba3 Be8 11. Bxd6 Qxd6 12. Ne5 Bh5 13. Bxh5 Nxh5 14. Qa3 Qxa3 15.
Nxa3 Nf6 16. cxd5 exd5 17. Nc2 a5 18. Ne1 Nbd7 19. N1d3 Rfe8 20. Rfc1 Nxe5 21.
Nxe5 Ne4 22. Rc2 Re7 23. a3 g6 24. g3 Kg7 25. Kg2 Kf6 26. h3 Ke6 27. Rac1 Ra6
28. Nd3 Kf6 29. Ra1 Ra8 30. g4 Rg7 31. Rb2 h5 32. Ne5 hxg4 33. hxg4 Rh8 34. Rh1
Rxh1 35. Kxh1 fxg4 36. Nxg4+ Kf5 37. f3 Nd6 38. Rh2 Nb5 39. a4 Nc7 40. Kg2 Ne6
41. Kg3 c5 42. e4+ dxe4 43. fxe4+ Kxe4 44. Re2+ Kd5 45. Rxe6 c4 46. bxc4+ Kxc4
47. Rb6 Kc3 48. Nf6 Kc2 49. Rb5 Rc7 50. Nd5 Rf7 51. Kg4 Rf2 52. Rxb7 Rd2 53.
Nb6 Kb3 54. Kf4 Rxd4+ 55. Ke5 Rb4 56. Kd5 g5 57. Kc5 g4 58. Ra7 Rf4 59. Rg7
Rf5+ 60. Kc6 Rf4 61. Kb5 Kc2 62. Kxa5 Kd3 63. Kb5 Ke2 64. a5 Rf5+ 65. Kb4 Rf4+
66. Kc5 Rf5+ 67. Nd5 Kf3 68. a6 g3 69. a7 Rf8 70. Rf7+ Rxf7 71. a8=Q g2 72.
Qa3+ 1-0

[Event "Ct. Catalunya eq DH"]
[Site "?"]
[Date "2012.04.14"]
[Round "10.6"]
[White "Castellet Giralt, G."]
[Black "Perez Mañas, B."]
[Result "0-1"]
[WhiteElo "2311"]
[BlackElo "2353"]
[PlyCount "63"]
[EventDate "2012.??.??"]
[EventType "team"]
[EventRounds "11"]

1. d4 Nf6 2. c4 e6 3. Nc3 Bb4 4. e3 c5 5. Bd3 Nc6 6. Nge2 d5 7. O-O O-O 8. a3
Bxc3 9. bxc3 b6 10. cxd5 exd5 11. Bb5 Na5 12. dxc5 bxc5 13. Bd3 Rb8 14. Ng3 Bg4
15. f3 Be6 16. e4 dxe4 17. Nxe4 Nb3 18. Rb1 c4 19. Bc2 Nxe4 20. Bxe4 Qa5 21.
Qd6 Qxc3 22. Bb2 Qe3+ 23. Kh1 Qh6 24. Rfd1 Rbc8 25. Bc3 Nc5 26. Bc2 Nb3 27. g4
Qg5 28. h4 Qe3 29. Qe5 Qxf3+ 30. Kh2 Qxg4 31. Qxg7+ Qxg7 32. Rg1 0-1

[Event "Ct. Catalunya eq DH"]
[Site "?"]
[Date "2012.04.14"]
[Round "10.6"]
[White "Fernandez Serrano, P."]
[Black "Perpinya Rofes, LM."]
[Result "0-1"]
[WhiteElo "2167"]
[BlackElo "2385"]
[PlyCount "72"]
[EventDate "2012.??.??"]
[EventType "team"]
[EventRounds "11"]

1. d4 Nf6 2. Bf4 g6 3. e3 Bg7 4. Nf3 O-O 5. Be2 c5 6. c3 d6 7. Nbd2 Nbd7 8. h3
b6 9. O-O Bb7 10. a4 a6 11. Qb1 e5 12. Bh2 e4 13. Ne1 Qe7 14. Nc4 Ne8 15. dxc5
bxc5 16. Qd1 Ne5 17. Bxe5 Bxe5 18. Nxe5 Qxe5 19. Qb3 Bd5 20. Bc4 Bxc4 21. Qxc4
Nc7 22. Nc2 Ne6 23. Rfc1 Rab8 24. Rab1 Nc7 25. b4 Rfc8 26. b5 d5 27. Qb3 axb5
28. Qa3 Qd6 29. axb5 Nxb5 30. Qb3 Nd4 31. Qa2 Ne2+ 32. Kh1 Nxc3 33. Qa1 Rxb1
34. Rxb1 Nxb1 35. Qxb1 d4 36. exd4 cxd4 0-1

[Event "Ct. Catalunya eq DH"]
[Site "?"]
[Date "2012.04.14"]
[Round "10.7"]
[White "Rahal, M."]
[Black "Aguilera Bonaque, J."]
[Result "1-0"]
[WhiteElo "2339"]
[BlackElo "2023"]
[PlyCount "63"]
[EventDate "2012.??.??"]
[EventType "team"]
[EventRounds "11"]

1. e4 c6 2. d4 d5 3. Nc3 dxe4 4. Nxe4 Bf5 5. Ng3 Bg6 6. h4 h6 7. Nf3 Nd7 8. h5
Bh7 9. Bd3 Bxd3 10. Qxd3 e6 11. Bf4 Qa5+ 12. Bd2 Qc7 13. O-O-O Ngf6 14. Ne4
Nxe4 15. Qxe4 Nf6 16. Qe2 Be7 17. Kb1 a5 18. Ne5 Rd8 19. c3 Nd7 20. Qg4 Bf6 21.
Nc4 e5 22. Rhe1 O-O 23. Qg3 Rfe8 24. Bxh6 Kh8 25. Be3 b5 26. h6 g6 27. Nd2 c5
28. d5 c4 29. Ne4 b4 30. Qf3 bxc3 31. Nxf6 Qb7 32. Re2 1-0

[Event "Ct. Catalunya eq DH"]
[Site "?"]
[Date "2012.04.14"]
[Round "10.7"]
[White "Rivas Garcia, V."]
[Black "Guasch Sariol, J."]
[Result "1/2-1/2"]
[WhiteElo "2331"]
[BlackElo "2235"]
[PlyCount "55"]
[EventDate "2012.??.??"]
[EventType "team"]
[EventRounds "11"]

1. e4 e6 2. d4 d5 3. Nc3 dxe4 4. Nxe4 Bd7 5. Nf3 Bc6 6. Bd3 Nd7 7. O-O Ngf6 8.
Ng3 Bxf3 9. Qxf3 c6 10. c4 Bd6 11. Re1 O-O 12. Ne4 Nxe4 13. Qxe4 g6 14. Bd2 Qc7
15. Qh4 c5 16. dxc5 Nxc5 17. Bc2 Be7 18. Qf4 Qxf4 19. Bxf4 Bf6 20. Bd6 Rfc8 21.
Rab1 Rc6 22. Red1 Rd8 23. Bxc5 Rxd1+ 24. Rxd1 Rxc5 25. b3 Rc8 26. Be4 b6 27.
Kf1 Rd8 28. Rxd8+ 1/2-1/2

[Event "Ct. Catalunya eq DH"]
[Site "?"]
[Date "2012.04.14"]
[Round "10.8"]
[White "Grifell Sola, J."]
[Black "Tallo Dominguez, I."]
[Result "0-1"]
[WhiteElo "1916"]
[BlackElo "2170"]
[PlyCount "78"]
[EventDate "2012.??.??"]
[EventType "team"]
[EventRounds "11"]

1. e4 c5 2. d4 cxd4 3. c3 Nf6 4. e5 Nd5 5. cxd4 d6 6. Nf3 Nc6 7. exd6 Qxd6 8.
Nc3 Nxc3 9. bxc3 Bg4 10. Bc4 e6 11. a4 Qc7 12. O-O Be7 13. Qd3 O-O 14. Ng5 Bf5
15. Qe2 Na5 16. Bd3 Nb3 17. Bxf5 exf5 18. Bd2 Nxa1 19. Rxa1 Bxg5 20. Bxg5 Qxc3
21. Rd1 Rfe8 22. Qf1 h6 23. Be3 Qa5 24. h3 Qxa4 25. d5 Rad8 26. d6 Re6 27. Rd4
Qc6 28. Bf4 g5 29. Rc4 Qd5 30. Be3 Rexd6 31. Rd4 Qb3 32. Rxd6 Rxd6 33. Kh2 a5
34. Qc1 Qd5 35. Qe1 a4 36. Bc1 Re6 37. Qb4 Qe5+ 38. g3 Qe1 39. Qc5 Rc6 0-1

[Event "Ct. Catalunya eq DH"]
[Site "?"]
[Date "2012.04.14"]
[Round "10.8"]
[White "Valencia Jimenez, J."]
[Black "Bosque Ortega, X."]
[Result "1/2-1/2"]
[WhiteElo "2166"]
[BlackElo "2321"]
[PlyCount "95"]
[EventDate "2012.??.??"]
[EventType "team"]
[EventRounds "11"]

1. e4 c6 2. d4 g6 3. Nc3 d5 4. h3 Bg7 5. Nf3 dxe4 6. Nxe4 Nd7 7. Bc4 Ngf6 8.
Ng3 O-O 9. O-O b6 10. Qe2 Bb7 11. Ne5 Nd5 12. Re1 Nxe5 13. dxe5 e6 14. Qg4 Qc7
15. Qe2 c5 16. Bd3 Nb4 17. Be4 Ba6 18. Qf3 Rac8 19. Bf4 Bb5 20. c3 Nc6 21. a4
Bc4 22. Bxc6 Qxc6 23. Qg4 Bd5 24. f3 Qc7 25. Ne4 Bxe4 26. Rxe4 Rfd8 27. Bg5 Rd5
28. Bf6 Bxf6 29. exf6 Qd8 30. Qh4 Rf5 31. Rf4 Rh5 32. Qg4 Rc6 33. Re1 e5 34.
Rfe4 Qxf6 35. Qd7 Rd6 36. Qe8+ Kg7 37. Rxe5 Rxe5 38. Qxe5 Qxe5 39. Rxe5 Rd2 40.
b4 cxb4 41. cxb4 Rb2 42. Rb5 h5 43. a5 bxa5 44. Rxa5 Rxb4 45. Rxa7 Rb2 46. Rc7
h4 47. Rc4 g5 48. f4 1/2-1/2

[Event "Ct. Catalunya eq DH"]
[Site "?"]
[Date "2012.04.14"]
[Round "10.9"]
[White "Diaz Camallonga, C."]
[Black "Triquell Sanchez, J."]
[Result "1-0"]
[WhiteElo "2039"]
[BlackElo "1959"]
[PlyCount "49"]
[EventDate "2012.??.??"]
[EventType "team"]
[EventRounds "11"]

1. e4 e6 2. d4 d5 3. Nc3 dxe4 4. Nxe4 Bd7 5. Nf3 Bc6 6. Ned2 Nd7 7. b3 Ngf6 8.
Bb2 Be7 9. c4 Bxf3 10. Qxf3 c6 11. Bd3 O-O 12. g4 Qa5 13. a3 e5 14. b4 Qc7 15.
Qg3 Rfe8 16. O-O-O Bd8 17. Rde1 exd4 18. g5 Rxe1+ 19. Rxe1 Qxg3 20. hxg3 Nh5
21. Re8+ Nf8 22. Bxd4 b6 23. Be2 g6 24. Bxh5 gxh5 25. f4 1-0

[Event "Ct. Catalunya eq DH"]
[Site "?"]
[Date "2012.04.14"]
[Round "10.9"]
[White "Mingo Fernandez, M."]
[Black "Grau Garsaball, J."]
[Result "1/2-1/2"]
[WhiteElo "2284"]
[BlackElo "2166"]
[PlyCount "125"]
[EventDate "2012.??.??"]
[EventType "team"]
[EventRounds "11"]

1. d4 g6 2. Nf3 Bg7 3. e4 d6 4. h3 Nd7 5. Bc4 e6 6. O-O c6 7. a4 Nb6 8. Bb3 a5
9. Be3 d5 10. e5 Ne7 11. Nbd2 O-O 12. c3 Qc7 13. Nh2 Nf5 14. Bf4 c5 15. Ndf3
Bd7 16. g4 Ne7 17. Qd2 cxd4 18. cxd4 Nc4 19. Qe2 b5 20. Rfc1 Qb6 21. Bg5 Rfe8
22. Bxe7 Rxe7 23. g5 bxa4 24. Bxc4 dxc4 25. Qxc4 Rc8 26. Qxc8+ Bxc8 27. Rxc8+
Bf8 28. Rxa4 Rc7 29. Ra8 Ra7 30. Rc8 Rc7 31. Ra8 Ra7 32. Rxa7 Qxa7 33. Ng4 Bb4
34. Nf6+ Kf8 35. Nxh7+ Ke7 36. Nf6 Qc7 37. d5 Qc1+ 38. Kg2 exd5 39. Nxd5+ Ke6
40. Nxb4 axb4 41. Rxb4 Qc5 42. Rf4 Qc1 43. Rf6+ Ke7 44. b4 Qc4 45. Rb6 Qc7 46.
Rd6 Qb7 47. Rd4 Ke6 48. Kg3 Qb5 49. Rf4 Ke7 50. Nd4 Qf1 51. Nf3 Qb5 52. h4 Ke8
53. Rd4 Qe2 54. Rf4 Qb2 55. Re4 Qb1 56. Rd4 Qb2 57. Rc4 Qb3 58. Rc8+ Kd7 59.
Rb8 Kc7 60. Rf8 Kd7 61. b5 Kc7 62. b6+ Kb7 63. Rd8 1/2-1/2

[Event "Ct. Catalunya eq DH"]
[Site "?"]
[Date "2012.04.14"]
[Round "10.10"]
[White "Borges Ayas, J."]
[Black "Luna Cortes, L."]
[Result "0-1"]
[WhiteElo "2136"]
[BlackElo "2255"]
[PlyCount "58"]
[EventDate "2012.??.??"]
[EventType "team"]
[EventRounds "11"]

1. e4 c5 2. Nf3 d6 3. d4 cxd4 4. Nxd4 Nf6 5. Nc3 a6 6. f4 e5 7. Nf3 Nbd7 8. a4
Qa5 9. Bd3 Be7 10. O-O O-O 11. Kh1 b5 12. Qe1 b4 13. Nd5 Nxd5 14. exd5 Nc5 15.
Bc4 e4 16. Nd4 Bd7 17. Bd2 Rab8 18. f5 Bf6 19. Be3 Qc7 20. b3 Nxa4 21. g4 h6
22. Qe2 Nc3 23. Qd2 Bb5 24. Bxb5 Nxb5 25. Nxb5 axb5 26. Ra7 Qc3 27. Qxc3 Bxc3
28. Bf4 Rfe8 29. Rf2 Bd4 0-1

[Event "Ct. Catalunya eq DH"]
[Site "?"]
[Date "2012.04.14"]
[Round "10.10"]
[White "Tosses Ruiz, C."]
[Black "Muriel Rojas, F."]
[Result "0-1"]
[WhiteElo "1712"]
[BlackElo "2075"]
[PlyCount "46"]
[EventDate "2012.??.??"]
[EventType "team"]
[EventRounds "11"]

1. d4 e6 2. Bf4 f5 3. Nf3 Nf6 4. e3 b6 5. Nbd2 Bb7 6. Bc4 Be7 7. Rg1 O-O 8. Ne5
Kh8 9. Ndf3 Ne4 10. g4 g5 11. Nxg5 Bxg5 12. gxf5 Bxf4 13. Qh5 Bxe5 14. dxe5
Rxf5 15. Qh3 Qf8 16. Bd3 Nxf2 17. Qg3 Nxd3+ 18. cxd3 Nc6 19. O-O-O Qc5+ 20. Kb1
Qxe5 21. Qg2 Na5 22. Qg4 Raf8 23. d4 Qe4+ 0-1

[Event "Ct. Catalunya eq DH"]
[Site "?"]
[Date "2012.??.??"]
[Round "11.1"]
[White "Farran Martos, FX."]
[Black "Bacallao Alonso, Y."]
[Result "1/2-1/2"]
[WhiteElo "2385"]
[BlackElo "2567"]
[PlyCount "76"]
[EventDate "2012.??.??"]
[EventType "team"]
[EventRounds "11"]

1. e4 c6 2. d4 d5 3. Nc3 dxe4 4. Nxe4 Bf5 5. Ng3 Bg6 6. Nf3 Nd7 7. h4 h6 8. h5
Bh7 9. Bd3 Bxd3 10. Qxd3 e6 11. Bf4 Qa5+ 12. Bd2 Bb4 13. Ne4 Ngf6 14. Nd6+ Ke7
15. Nc4 Bxd2+ 16. Nfxd2 Qa6 17. Qg3 c5 18. O-O-O cxd4 19. Rh4 b5 20. Ne5 Nxe5
21. Qxe5 Rhd8 22. Rxd4 Rxd4 23. Qxd4 Qb6 24. Qb4+ Ke8 25. Ne4 Nxe4 26. Qxe4 Rd8
27. Rxd8+ Kxd8 28. f4 Ke7 29. Kd2 Qc5 30. Qe5 Qxe5 31. fxe5 g6 32. Kd3 gxh5 33.
c4 bxc4+ 34. Kxc4 f5 35. exf6+ Kxf6 36. b4 h4 37. a4 Ke5 38. b5 Kd6 1/2-1/2

[Event "Ct. Catalunya eq DH"]
[Site "?"]
[Date "2012.04.21"]
[Round "11.1"]
[White "Oms Pallisse, J."]
[Black "Alonso Rosell, A."]
[Result "0-1"]
[WhiteElo "2500"]
[BlackElo "2563"]
[PlyCount "76"]
[EventDate "2012.??.??"]
[EventType "team"]
[EventRounds "11"]

1. d4 d5 2. c4 c6 3. Nf3 Nf6 4. e3 Bf5 5. Nc3 e6 6. Nh4 Be4 7. f3 Bg6 8. Qb3
Qc7 9. Bd2 Be7 10. Rc1 Nbd7 11. g3 Nb6 12. cxd5 exd5 13. Nxg6 hxg6 14. Kf2 g5
15. Be2 Rd8 16. Kg2 g6 17. Be1 Qd7 18. h3 O-O 19. Bf2 c5 20. dxc5 Bxc5 21. Nb5
Qe7 22. Rhd1 Nbd7 23. Nc7 Nb6 24. Nb5 Nbd7 25. Nc7 Nb6 26. Nb5 Rfe8 27. Nd4
Nbd7 28. Bb5 a6 29. Bf1 Ne5 30. Rc3 Ra8 31. Rdc1 b6 32. Qd1 Kg7 33. a3 a5 34.
Nb3 Bd6 35. a4 Rh8 36. Qd4 Qe6 37. h4 gxh4 38. gxh4 Nxf3 {(...)} 0-1